000 00796nam a22002657a 4500
001 BD-DhSAU 4260
003 BD-DhSAU
005 20150301102723.0
008 150215b2006 ii a||||r|||| 000 0 eng d
020 _a8185375135
040 _aBD-DhSAU
082 _222
_a578.776
_bM6972
100 _aMitra, Abhijit.
245 _aIntroduction to marine phytoplankton /
_cAbhijit Mitra, Kakoli Banerjee and D.P. Bhattacharyya.
260 _aDelhi :
_bNarendra Publishing House,
_cc2006
300 _ax, 138 p. :
_bill. ;
_c22 cm.
500 _aNew arrival 2014
504 _aIncludes bibliographical references.
590 _ajoy
650 _aMarine phytoplankton.
650 _aMarine productivity.
650 _aPhytoplankton.
700 _aBanerjee, Kakoli
700 _aBhattacharyya, D.P.
942 _2ddc
_cBOOK
999 _c4260
_d4260